[Event "Dyfed Open"]
[Site "?"]
[Date "2018.02.18"]
[Round "4"]
[White "Waddington, Mike P"]
[Black "Turner, Matthew J"]
[Result "0-1"]
[WhiteElo "2086"]
[BlackElo "2536"]
[Annotator "Rudy"]
[PlyCount "88"]
[EventDate "2018.??.??"]

1. c4 e6 2. Nc3 d5 3. e3 Nf6 4. Nf3 Be7 5. b3 O-O 6. Bb2 c6 (6... c5) 7. Qc2 b6
8. d4 Bb7 9. Bd3 dxc4 (9... Nbd7 {main}) 10. bxc4 c5 11. d5 exd5 (11... Na6 12.
a3 exd5 13. Nxd5 (13. cxd5 {transposes}) 13... Nxd5 14. cxd5 (14. Rd1 $16 {
Stockfish9}) 14... Qxd5 15. Bxh7+ Kh8 16. Rd1 Qc6 17. O-O Rad8 {
Sundararajan-Heinzel, Palma de Mallorca 2008,1/2-1/2}) 12. cxd5 Na6 (12... Bxd5
13. Rd1 $18) 13. a3 c4 14. Bxc4 Rc8 15. Qe2 Nc5 (15... b5 16. Bxb5 (16. Nxb5
Qa5+ 17. Bc3 Qa4 18. d6 Rxc4 19. dxe7 Rfc8 20. O-O Qxb5 21. Bxf6 Bxf3 22. Qxf3
gxf6 23. Rad1 Re8 24. Qxf6 $11 {Stockfish9}) 16... Nc5 (16... Nxd5 17. Bxa6
Nxc3 18. Bxc3 Bxf3 19. Qxf3 Rxc3 20. O-O Rxa3 21. Rad1 Qb6 22. Bb7 $11 {
Stockfish9}) 17. O-O Nxd5 18. Rfd1 Nxc3 19. Bxc3 Qb6 20. Rab1 Qg6 21. Bb4 Be4
22. Rbc1 a5 23. Bxa5 Nb3 24. Rxc8 Rxc8 25. Bb4 Nc1 26. Qf1 Bxf3 27. Bxe7 Bxd1
28. Qxd1 Na2 29. Bf1 h6 30. Qb3 Rc1 31. Qxa2 Qd3 32. h3 Rxf1+ $19 {
Sieglen-Sehner, BL 1993,1/2-1/2}) (15... Nc7 {Stockfish9} 16. Rd1 b5 17. Bxb5
$14 (17. Bd3 $14)) 16. Rd1 Nfe4 17. Nxe4 Nxe4 18. O-O $16 {Fritz15 & Stockfish9
} Bf6 19. Bxf6 Qxf6 20. Rd4 Nc3 21. Qd3 b5 22. Bb3 $16 {Stockfish9} (22. Nd2
bxc4 23. Qxc3 $14 {Fritz15, = for Stockfish9}) 22... a5 23. Re1 (23. e4 $16)
23... Qd6 24. a4 (24. Rh4 g6 25. e4 Qxa3 26. Qd2 f6 27. Bc2 Qd6 28. e5 Qxd5 29.
Bxg6 Qxd2 30. Bxh7+ Kg7 31. Nxd2 f5 32. e6 $11 {Stockfish9, quite hair-raising}
) (24. Ng5 f5 25. e4 a4 (25... Qxa3 26. d6+ Qxb3 27. d7 h6 (27... Rcd8 28. exf5
$18 Bd5 29. f6 Ne4 30. Qxb3 Bxb3 31. Nxe4 gxf6 32. Nc5 $18) 28. exf5 hxg5 29.
dxc8=Q Bxc8 30. f6 $18) 26. Bd1 Rfe8 $11 {Stockfish9}) (24. Bc2 g6 25. e4 Qxa3
(25... f6 26. h4 $16) 26. d6 Qc5 27. d7 Rcd8 28. Qe3 Kg7 29. Qf4 b4 30. Rd6 Nb5
31. Qf6+ Kg8 32. Rd2 $16 {Komodo11}) 24... Ba6 25. Bc2 g6 {Fritz15} (25... f5 {
Komodo11}) 26. Qd2 (26. e4) 26... b4 27. e4 f6 28. Bb3 (28. h4 $16 {Fritz15 &
Komodo11`, to undermine g6}) 28... Rfe8 29. e5 (29. h4 $14 {Fritz15}) (29. g4
$16 {Komodo11, to remove f6 & make e5 possible with connected pawns}) 29...
fxe5 $11 30. Rh4 Rc7 31. Qh6 Ree7 32. g3 (32. Ng5 Ne2+ 33. Kh1 Bd3 34. Ne6 Rc8
35. Rd1 e4 36. Rg4 Rd7 37. h4 $16 {Komodo11}) 32... Bb7 (32... Ne2+ $19 {
Fritz15 & Komodo11} 33. Kg2 Rc3 34. Ba2 Rf7 35. Ng5 Qf6 36. f4 Rc2 $19 37. Nxf7
Qxf7 {other moves draw} 38. Bb3 Rb2 39. Qxh7+ Qxh7 40. Rxh7 Nd4+ 41. Kh1 Kxh7
42. Bd1 Be2 43. Bxe2 Rxe2 {Komodo11}) 33. Rxe5 (33. Rh5 $1 {Fritz15 & Komodo11}
Bxd5 34. Bxd5+ Nxd5 35. Rhxe5 Rxe5 36. Rxe5 Re7 37. Rxe7 Nxe7 (37... Qxe7 38.
Qc1 Nc3 39. Qd2 Qf6 40. Kg2 {and Wh seems to have the perpetual coming
up-Komodo11}) 38. Ng5 Qd1+ $11) 33... Rxe5 34. Nxe5 Ne2+ (34... Bxd5 $19 {
Komodo11} 35. Bxd5+ Qxd5 36. Nxg6 Ne2+ 37. Kf1 Rc1+ 38. Qxc1 (38. Kxe2 Qd1+ {
mates in 11, the kind of position Engines excel in} 39. Ke3 Rc3+ 40. Ke4 Qf3+
41. Kd4 Rd3+ 42. Kc5 Qd5+ 43. Kb6 Qd6+ 44. Kb7 Qd7+ 45. Ka6 Rd6+ 46. Kxa5 Qc7+
47. Kxb4 Rb6+ 48. Ka3 Qc3+ 49. Ka2 Qb2#)) 35. Kf1 Rc1+ {Komodo11 again doesn't
like this, as it cedes a draw, with best play} (35... Bxd5 36. Qe3 Rc3 37.
Bxd5+ Qxd5 38. Qe4 Qxe4 39. Rxe4 Nc1 40. Rc4 Na2 41. Ke1 Ra3 {(though it works
out a draw in this line as well)} 42. Rc5 Rxa4 43. Nc4 b3 44. Nb2 Re4+ 45. Kd2
a4 46. Ra5 Re7 $11 {Komodo11}) 36. Kxe2 $2 (36. Kg2 $1 $11 {Fritz15 & Komodo11}
Bxd5+ 37. Bxd5+ Qxd5+ 38. f3 Rg1+ 39. Kh3 Qe6+ (39... Qxe5 40. Qxh7+ Kf8 41.
Qxg6 Rd1 42. Rh7 Ng1+ 43. Kh4 Nxf3+ 44. Kg4 (44. Kh3 Ng1+ 45. Kh4 Rd4+ {leads
to mate} 46. Qg4 (46. g4 Nf3+ 47. Kh3 Qxh2#) 46... Qf6+ 47. Kh5 Rd5+ 48. Qf5
Qxf5+ 49. Kh6 Qg5#) 44... Nxh2+ 45. Kh3 Rf1 46. Qh6+ Kg8 {otherwise Bl gets
mated} (46... Ke8 47. Qc6+ Kf8 48. Qc8+ Qe8 49. Rh8+ {mate soon follows the
loss of the Q}) 47. Qg6+ {repetition}) 40. Ng4 Qe7 41. Qd2 Re1 42. Qd5+ Kg7 43.
Nf2 $11 {Komodo11, though there still appears to be plenty of play left- the
Engine swaps of the Qs & the Rs leaving the Ns to battle it out on the Q side})
36... Qxe5+ 37. Kf3 (37. Qe3 Qb2+ 38. Kf3 Rc3) 37... Bxd5+ 38. Bxd5+ Qxd5+ 39.
Ke2 (39. Re4 Rc3+) 39... Qd1+ 40. Ke3 Rc3+ 41. Ke4 Qf3+ 42. Kd4 Rd3+ 43. Kc5
Rd5+ {Komodo11 prefers the Q, as in an earlier note, as being 2 moves quicker
to mate} 44. Kb6 (44. Kc6 {loses Q if Bl choooses but mate is still there via
a R move onto d file or e file}) 44... Qf6+ (44... Qf6+ 45. Kc7 Qe7+ 46. Kb6
Qe6+ 47. Kc7 Rd7+ 48. Kc8 Qe8#) 0-1

[Event "Dyfed Open"]
[Site "?"]
[Date "2018.02.18"]
[Round "4"]
[White "Musson, Adam J"]
[Black "Young, Alan"]
[Result "1-0"]
[WhiteElo "2020"]
[BlackElo "2036"]
[Annotator "Rudy"]
[PlyCount "67"]
[EventDate "2018.??.??"]

1. Nf3 d5 2. g3 Nf6 3. Bg2 c5 4. O-O Nc6 5. d4 e6 6. c4 Be7 7. cxd5 exd5 {
transposed to a Tarrasch} 8. Nc3 O-O 9. dxc5 (9. Bg5 c4 10. Rc1 Be6 11. b3 Ba3
12. Bxf6 Qxf6 13. Rb1 Bb4 14. Nb5 c3 {Garnett-Young, 4NCL 2012,0-1}) 9... Bxc5
10. Na4 (10. Bg5 d4 11. Bxf6 Qxf6 12. Nd5 Qd8 13. Nd2 Be6 14. Nf4 Qd7 {
Heap-Young, Dyfed open 2013,0-1}) 10... Be7 11. Be3 Ne4 12. Rc1 Qa5 13. a3 Bd7
14. Nc3 Nxc3 (14... Be6 {86% for Wh}) 15. Rxc3 Be6 16. Nd4 Nxd4 17. Bxd4 Rac8
18. Qd3 {Houdini5} (18. Qc1 Rxc3 19. Bxc3 Qb5 20. Qe3 Rd8 21. Rd1 Qb3 22. Rd3
Qa4 23. h4 {Johannessen-Lundin, Stockholms Schackforbond 1960, 1-0}) (18. Qd2
Rc4 19. Rd1 b6 20. e3 Bg4 21. Rdc1 Rfc8 22. Bf1 Rxc3 23. Bxc3 Qc5 24. b4 Qd6
25. Qd4 Qf6 26. Qxg4 Rxc3 27. Rxc3 Qxc3 28. Qd7 Bf8 29. Qxd5 Qxa3 {
Panno-Kalinin, Thessaloniki ol ( Argentina-Wales )1988,1/2-1/2}) 18... Rc4 (
18... Qa4 $14) 19. Rd1 (19. e4 Rxc3 20. Bxc3 dxe4 21. Bxe4 (21. Qxe4 Qc7 22.
Qxb7 Qxb7 23. Bxb7 Rd8 24. Bf3 $16) 21... Qh5 22. Bxb7 Rd8 23. Qe4 $16 {
Stockfish9}) 19... Rd8 20. Qe3 b5 (20... h6) 21. Rcd3 $16 Rd7 22. Bc3 Qd8 23.
Qd2 Rcc7 $2 (23... Rc5 24. Bb4 Rc4 25. Bxe7 Qxe7 26. Bxd5 $16) 24. Ba5 $18 Qc8
25. Bxc7 Rxc7 26. Bxd5 g6 27. Qf4 Bxd5 28. Rxd5 a6 29. h4 Rc4 30. e4 Qe6 31.
Qe5 (31. Re5) 31... Qxe5 32. Rxe5 Bf6 33. Re8+ Kg7 34. e5 1-0

[Event "Dyfed Open"]
[Site "?"]
[Date "2018.02.18"]
[Round "4"]
[White "Rayner, Francis"]
[Black "Jones, Iolo C"]
[Result "1-0"]
[WhiteElo "2043"]
[BlackElo "2206"]
[Annotator "Rudy"]
[PlyCount "81"]
[EventDate "2018.??.??"]

1. Nf3 Nf6 2. c4 e6 3. g3 c5 (3... d5) 4. Bg2 d5 (4... Nc6) 5. cxd5 (5. O-O)
5... exd5 6. d4 Nc6 7. O-O h6 (7... Be7 8. Nc3 O-O {Musson-Young, 1-0 on the
next board up}) 8. Nc3 Be6 9. b3 (9. Bf4 Rc8 10. Rc1 c4 {probably Bl's
intentio, though 67% for Wh}) 9... Be7 10. Bb2 O-O 11. Rc1 Qa5 {1 Wh win, 2
draws, 2 Bl wins} (11... Rc8 {main, though 75% for Wh}) 12. dxc5 Bxc5 13. a3 (
13. Na4 Be7 14. a3 Ne4 15. b4 Qa6 16. Nd4 Nxd4 17. Bxd4 Rac8 18. Rxc8 Rxc8 19.
f3 Nf6 20. Nc5 Bxc5 21. bxc5 Qxa3 22. Qd2 Nd7 23. f4 f6 {Plachetka- Tatry op,
Tatry} 24. Ra1 {Plachetka-Janousek, Tatry op, Tatranske Zruby 2009,1/2-1/2})
13... Be7 (13... Bd6 14. b4 Qd8 15. Nd4 Rc8 16. Ncb5 Bb8 17. Nxc6 bxc6 18. Nd4
Bd7 19. Nb3 {Galliamova-Benschop, Wld ch U20 girls, Tunja 1989,1-0}) 14. b4 Qd8
15. Nd4 Rc8 (15... Nxd4 16. Qxd4 Qd7 17. Rfd1 Rfd8 18. e4 (18. f4 $16 {Fritz13
& Stockfish9}) 18... dxe4 19. Qxd7 Nxd7 20. Bxe4 a5 21. Bxb7 axb4 22. axb4 Rab8
23. Nd5 Bxd5 24. Bxd5 Bxb4 {De Castro-Harandi, Siegen ol, Pilipines- Iran ,
1970, 1/2-1/2}) 16. Nxe6 (16. Qd2 Qd7 17. Nxe6 fxe6 18. f4 $16 {Fritz13}) 16...
fxe6 17. Bh3 $18 {Stockfish9; Komodo11 just definite plus the Engines concur
on this} Kf7 (17... Qd7 18. e4 $18 d4 19. Qb3 Nd8 20. Rcd1 d3 21. Nd5 $18 {
Cloud Engines}) 18. Na4 (18. e3 Ne5 19. Qe2 Nc4 20. Ba1 (20. e4 d4 21. Rfd1 Qd7
22. Ba1 $18) 20... Nd6 {after this Stockfish 9 has various moves, but each one
seems to 'only' leave Wh with a definite plus, not a win} (20... Nxa3 21. e4 d4
22. Qa2 Qd7 23. Nd5 $18 {Stockfish9}) 21. Rfe1 (21. e4 Ndxe4 22. Nxe4 dxe4 23.
Bxf6 Bxf6 24. Qxe4 Qd7 25. Rfe1 Rfe8 26. Rcd1 Qc6 27. Qh7 Rh8 28. Qd3 Rcd8 29.
Qe2 Rhe8 {having got this far , Stockfish 9 is unable to find a forced win for
Wh, only a definite plus}) 21... Nde4 (21... g6 22. e4 Ndxe4 23. Rcd1 Qb6 24.
Nxe4 Nxe4 25. Kg2 Bf6 26. Bxf6 Kxf6 27. f3 Ng5 28. Rxd5 Rc2 29. Qxc2 exd5 30.
Qd2 Qd8 31. Bg4 Kg7 32. f4 Ne4 33. Qd4+ Nf6 34. Bf3 Rf7 $16)) (18. Re1 Ne5 19.
Nb5 Rxc1 20. Qxc1 Nc6 (20... Qb6 21. Bxe5 Qxb5 22. Bxf6 Bxf6 23. Qc7+ Be7 24.
e4 d4 25. Qf4+ Kg8 26. Bxe6+ $18 {Komodo11}) 21. Qe3 Qd7 22. Nxa7 Nxa7 23. Qxa7
$16 {Komodo11}) 18... b6 {Stockfish9} (18... Bd6 19. Nc5 (19. Re1 Ne4 20. f4
Be7 21. e3 Bf6 22. Bxf6 Qxf6 23. Bg2 Rfd8 24. Bxe4 dxe4 25. Qe2 $16) 19... Bxc5
20. Rxc5 a6 (20... Qd6 21. e4 Nxe4 22. Re1 $18 {Komodo11}) 21. Bxf6 Qxf6 22. e4
d4 23. Qb3 g6 24. b5 axb5 25. Rxb5 Nd8 26. Rd5 exd5 (26... Rc3 27. Rd7+ Kg8 28.
Qb6 Rc6 29. Qb4 $18 {Komodo11}) 27. Bxc8 Qc6 28. Qxd5+ Qxd5 29. exd5 Ke7 30.
Rd1 Kd6 31. Rxd4 $16 {Komodo11}) 19. e3 {Komodo11} (19. f4 Qd7 20. Bg2 {
Fritz13, only slight plus for Komodo11} (20. e4 dxe4 21. f5 Qxd1 22. fxe6+ Kg8
23. Rfxd1 $16 {Komodo11})) 19... Qd7 20. Nc3 (20. f4 g6 21. Bg2 {Fritz13}) (20.
Re1 g6 21. e4 d4 22. e5 Nd5 23. b5 Na5 24. Rxc8 Rxc8 25. Qxd4 $16 (25. Re4 Bc5
26. Nxc5 bxc5 27. Bc1 h5 28. Rh4 Rg8 (28... Qxb5 29. Qf3+ Ke8 30. Bxe6 $18) 29.
a4 Ne7 30. Bd2 Nc4 31. Bg5 Nf5 32. Re4 Qd5 33. Bg2 $16 {Komodo11})) 20... Ne5
$14 21. Ba1 Nc4 (21... a5 {Fritz13 & Komodo11} 22. bxa5 bxa5 23. Rb1 Nc4 24.
Ne2 Bd6 25. Nd4 Rfe8 26. Nxe6 Rxe6 27. Bxf6 Kxf6 28. Qxd5 $18 {Komodo11}) 22.
Ne2 {both Engines, Wh is winning Komodo11} Ne4 (22... Rfe8 23. Nf4 Bd8 24. Bg2
Nd6 25. Rxc8 Qxc8 26. Bh3 Nde4 27. Nxd5 Nxd5 28. Qh5+ g6 29. Qxd5 exd5 30. Bxc8
$16 {Komodo11, also finds ways for Bl to survive for the moment}) 23. Nf4 $18 {
both Engines are now definite about this} Rc6 (23... Ng5 24. Bg4 Bd6 25. Nxd5
Qb5 26. Nf4 Rfd8 27. Qe2 a5 28. h4 $18 {Komodo11}) 24. Rxc4 $1 (24. Qh5+ Kg8
25. Bxg7 {is also winning- Komodo11}) 24... Rxc4 (24... Ng5 25. Qh5+ (25. Rxc6
Nxh3+ 26. Nxh3 Qxc6 27. Nf4 $18) 25... Kg8 26. Rxc6 Nxh3+ 27. Qxh3 Qxc6 28.
Nxe6 $18 (28. Qxe6+ $18 {Komodo11})) 25. Bxe6+ (25. Qh5+ {Komodo11, is even
stronger} Kg8 26. Bxe6+ Qxe6 27. Nxe6 Nf6 (27... Rf7 28. Bxg7 Rxg7 29. Qe8+ Kh7
30. Nxg7) 28. Bxf6 Rxf6 29. Qxd5 b5 30. Nf4+ Rf7 31. Ng6 Bf6 32. Qe6 Rcc7 33.
Qe8+ Kh7 34. Nf8+ Rxf8 35. Qxf8 {Komodo11, Bl is left with just a B for the Q.}
) 25... Qxe6 26. Nxe6 Kxe6 27. Qg4+ Rf5 28. Qxg7 Nd2 29. Qg6+ Bf6 30. Bxf6 (30.
Rd1 $1 Nf3+ 31. Kg2 Ne5 32. Qe8+ Kd6 33. Qf8+ Ke6 34. e4 $1 {the Bl pieces,
bunched together, become a target} Rxe4 35. Qg8+ Ke7 36. Qxd5 Re2 37. Qb7+ Kf8
38. Qc8+ Kf7 39. Qxf5 $18 {Komodo11}) (30. g4 {Komodo11} Rxg4+ (30... Rf3 31.
Rd1 Ne4 32. Qg8+ Ke7 33. Qxd5 $18) 31. Qxg4 Nxf1 32. Qg8+ $18) 30... Rxf6 31.
Qg8+ (31. Qe8+ Kd6 32. Rd1 Nf3+ 33. Kg2 Ne5 34. Qd8+ Nd7 35. Rxd5+ Kxd5 36.
Qxd7+ Rd6 37. Qf7+ Re6 38. Qf5+ Kd6 39. Qd3+ Ke7 40. Qxc4 $18 {Komodo11}) 31...
Kd6 32. Rd1 (32. Qd8+ Ke6 33. Qe8+ Kd6 34. Rd1 {back to above note}) 32... Rc2
33. Qd8+ Ke6 34. Kg2 Rf5 35. Qe8+ Kf6 36. Qf8+ (36. g4 Rg5 37. Qf8+ Kg6 38.
Qd6+ Kg7 39. Qd7+ Kh8 40. h4 Rg7 41. Qd8+ Kh7 42. Qxd5 Rgc7 43. h5 $18 {
Komodo11} (43. Rxd2 {too simple for an Engine scenting evem more material
advantage with the h6 pawn as a target})) 36... Kg6 37. Qd6+ (37. Qg8+ Kf6 38.
g4) 37... Kg7 38. Qe7+ (38. Qd7+ Rf7 39. Qg4+ Kf8 40. Qe2 {Komodo11}) 38... Kg6
39. Qe6+ Rf6 40. Qxd5 (40. Qg8+ Kf5 41. Qxd5+ Kg6 42. Qd3+ {positions that
Engines adore playing}) 40... Nc4 41. Qd3+ (41. Qg8+ {Komodo11} Kh5 (41... Kf5
42. g4+ Ke5 43. Qd5#) 42. Rd5+ Ne5 43. Rxe5+ Rf5 44. Rxf5#) 1-0

[Event "Dyfed Open"]
[Site "?"]
[Date "2018.02.18"]
[Round "4"]
[White "Williams, A. Howard"]
[Black "Bourne, Johnathan D"]
[Result "1-0"]
[WhiteElo "2274"]
[BlackElo "1957"]
[Annotator "Rudy"]
[PlyCount "111"]
[EventDate "2018.??.??"]

1. d4 Nf6 2. c4 g6 3. Nc3 Bg7 4. Nf3 d6 5. Bg5 h6 6. Bh4 O-O 7. e3 c5 (7...
Nbd7) 8. Be2 Bf5 (8... g5 9. Bg3 Nh5 10. dxc5 Nxg3 11. hxg3 dxc5 12. Qc2 e6 13.
Rd1 Qe7 14. g4 Nc6 {main}) 9. O-O Nbd7 10. Rc1 g5 {85% for Wh} (10... Qb6 {40%
for Wh}) 11. Bg3 Ne4 (11... Nh5 12. Nxg5 Nxg3 13. fxg3 hxg5 14. Rxf5 {
Zangiev-Nadyrhanov, Krasnodar 1995,1-0}) 12. Bd3 $146 (12. Nxe4 {& 2 other
wins and a draw for Wh)} Bxe4 13. h4 $14 Bxf3 14. Bxf3 cxd4 15. exd4 Qb6 16.
hxg5 hxg5 17. Qd2 Qxd4 18. Qxg5 Qf6 19. Qh5 Qxb2 20. Rb1 Qxa2 21. Bh4 $16 {
Mendoza-Valdes Romero, Khanty-Mansiysk ol 2010,1-0}) 12... Nxg3 (12... Nxc3 13.
Rxc3 Bxd3 14. Qxd3 f5 15. h3 Qe8 $11 {Komodo11}) 13. hxg3 Bxd3 (13... Bg4 $11 {
Cloud Engines}) 14. Qxd3 cxd4 15. Nxd4 Ne5 16. Qe2 Qd7 17. Rfd1 (17. f4 Nc6 18.
Rcd1 $14 {Komodo11}) 17... Rac8 18. b3 Nc6 19. Nf3 (19. g4 $14 {Komodo11})
19... Ne5 (19... Rfd8 20. Nd4 e6 $11 {Komodo11}) 20. Nd5 e6 21. Nxe5 Bxe5 22.
Nb4 (22. Nc3) 22... Qe7 23. Nd3 Bg7 24. e4 Rfd8 $11 25. Qe3 b6 {a slight
weakening of the Q side} (25... Qc7 $11 {Komodo11}) 26. b4 Qb7 27. b5 a5 28. a4
Qc7 29. Kh2 {looking the Q in the face- the placement of the K here leads Wh
to some difficulties later in the game} (29. f4 {Komodo11}) 29... Bf6 30. f4
Kg7 31. Rf1 Re8 {Komodo11 just moves the K up & down, claiming equality} 32. f5
(32. e5 $1 dxe5 33. fxe5 Be7 34. c5 Bxc5 35. Nxc5 bxc5 36. Qf3 Rf8 37. Qf6+ Kh7
38. Rfd1 c4 39. Rc3 Rg8 40. Rd6 $16 {Komodo11}) 32... exf5 (32... Re7 33. fxe6
Rxe6 34. Rf5 Rce8 35. Nf2 Re5 $11 {Komodo11}) 33. Rxf5 Re6 34. Qf2 Bd8 $2 (
34... Qd8 $11) 35. e5 (35. c5 $18 {Komodo11} Qd7 (35... dxc5 36. Nxc5 bxc5 37.
Rcxc5 Qxc5 38. Rxc5 Rxc5 39. Qxc5) 36. c6 Qe8 37. Re1 $18) 35... dxe5 36. c5
Qe7 37. c6 Bc7 $11 {Komodo11; the Wh pawn is blockaded , while Bl has a
potentially mobile e pawn} 38. Qe3 (38. Rf1 f6 39. Nb2 e4 40. Nc4 e3 41. Qe2
Re4 42. Rxf6 Re8 $15 43. Qf3 Rf4 44. gxf4 e2 45. Re1 Qxf6 46. g3 gxf4 47. Rxe2
fxg3+ 48. Kg2 Rxe2+ 49. Qxe2 Qh4 50. Kg1 h5 $15 {Komodo11}) 38... e4 $17 39.
Nf2 Rd8 40. Rd1 Rxd1 41. Nxd1 Re5 (41... Rd6 42. Qe2 (42. Nf2 Kg6 43. Nxe4 Re6
$19 {Komodo11}) 42... Rd3 43. Ne3 Qe6 44. Rf1 Kg6 45. Nf5 Rd5 46. Ne3 Rc5 $17 {
Komodo11; the Wh pieces are in defensive positions}) 42. Qd4 Kg6 (42... Qb4 43.
Qxb4 axb4 44. Rxe5 Bxe5 45. a5 bxa5 46. b6 a4 47. c7 a3 48. c8=Q a2 49. Ne3
a1=Q 50. Nf5+ Kg6 51. b7 Qd1 52. Ne3 Qh5+ 53. Kg1 Bxg3 54. Qg8+ Kf6 55. Qd8+
Kg6 56. Nf1 Bf4 57. b8=Q Bxb8 58. Qg8+ Kf6 59. Qxb8 Qg4 $11 {Komodo11, looks
rather murky}) 43. Rxe5 Qxe5 (43... Bxe5 {keeping Qs on helps to target Wh g3
spot} 44. Qxe4+ f5 45. Qe3 h5 46. Kh1 Qd6 47. Nf2 g4 48. Nd3 Bxg3 49. Qxb6 Qe6
50. Qd8 Qe2 51. Qg8+ Kf6 52. Qf8+ $11 {repetition- Komodo11}) 44. Qxe5 Bxe5 45.
Ne3 $18 h5 46. Nd5 h4 {the counterattack comes too late} 47. c7 (47. Nxb6 $2 e3
48. Kg1 Bd4 $19) 47... Bxg3+ 48. Kg1 Bxc7 49. Nxc7 g4 50. Nd5 {the N is
nimbler than the Bl pawn mass} Kf5 51. Nxb6 e3 52. Nc4 e2 53. Kf2 h3 54. gxh3
gxh3 55. Ne3+ Kg5 (55... Ke4 56. Ng4 f5 57. Nh2 $18) 56. Nc2 (56. Nf1 {also
works as the b pawn is too advanced}) 1-0

[Event "Dyfed Open"]
[Site "?"]
[Date "2018.02.18"]
[Round "4"]
[White "Richmond, Jane"]
[Black "May, Adam J"]
[Result "1-0"]
[WhiteElo "2097"]
[BlackElo "1951"]
[Annotator "Rudy"]
[PlyCount "65"]
[EventDate "2018.??.??"]

1. e4 c6 2. Ne2 d5 3. e5 d4 (3... Bf5 4. Ng3 Bg6 5. h4 h5 6. e6 {
Richmond-Hewitt, 4NCL 2014,1-0}) (3... c5 4. b4 e6 5. bxc5 Bxc5 6. d4 {
Richmond-Homer, 4NCL 2012,1-0}) 4. c3 {main} (4. Ng3 Qd5 5. f4 g5 6. d3 gxf4 7.
Bxf4 Bg7 8. Qf3 Qa5+ 9. Nd2 Bxe5 10. O-O-O {Richmond-Lentzos, Coventry e2e4 op,
2013, 1-0}) 4... c5 5. Ng3 (5. b4 {main, eg} Qd5 6. f4 d3 7. Ng3 c4 8. Qf3 e6
9. Na3 a6 10. Ne4 b5 11. g3 f5 12. exf6 Nxf6 13. Bg2 Nxe4 14. Qxe4 Bb7 15. Qxd5
Bxd5 16. Kf2 {Mamedov-Navara, China Elite Mind blitz , Huaian 2016,1-0 (
Mamedov has played this line several times with success}) 5... Qd5 (5... Nc6 6.
f4 Nh6 {played a few times}) 6. Bb5+ (6. f4 g5 7. Qb3 Qxb3 {Houdini6} 8. axb3
gxf4 9. Ne4 Bg7 10. Nxc5 Bxe5 11. Bb5+ Nd7 12. O-O {Mamedov-Turov, Agzamov mem
, Tashkent 2012,1-0}) 6... Bd7 7. Bxd7+ Nxd7 8. f4 (8. O-O Nxe5 9. d3 Nf6 $17 {
Stockfish9}) 8... Qxg2 $17 9. d3 (9. Qe2 $5 {Stockfish9}) 9... h5 (9... Nh6)
10. Rf1 Qd5 11. Qe2 h4 12. Ne4 Nh6 13. Nbd2 Nf5 14. Nf3 g6 (14... e6 $17) 15.
cxd4 cxd4 16. Bd2 Rc8 17. Kf2 {a totally unusual position, geared to take
Caro-Kann players out of their comfort zone- the g file may yet grant some
dividends} Bg7 (17... Bh6 $5) 18. Rac1 O-O 19. b3 a6 20. Rg1 Rfd8 21. Neg5 e6
22. Bb4 Nb6 (22... a5 23. Ba3 Nb6 24. Ne4 Qb5 25. Qd2 Nd5 $19 (25... a4 26. Bc5
Nd5 27. Nxd4 Nxd4 28. Bxd4 axb3 29. axb3 Rxc1 30. Rxc1 Qxb3 $19 {Stockfish9}))
23. Qe4 Qd7 (23... Bf8 $19 {Stockfish9}) 24. Ba5 Rxc1 25. Rxc1 Qb5 $2 (25...
Rc8 26. Rxc8+ Nxc8 27. Bd2 Nce7 $19 {Stockfish9}) 26. Qxb7 $1 $18 Qxa5 (26...
Rf8 27. Bxb6 Qxd3 28. Qe4 $18 {but may be best try}) 27. Qxf7+ Kh8 28. Qxg6
Qxa2+ 29. Kg1 Kg8 30. Qxe6+ Kh8 31. Qxf5 (31. Nf7+ Kg8 (31... Kh7 32. N3g5+)
32. Nxd8+ Kh8 33. Nf7+ Kg8 34. N7g5+ Kh8 35. Qe8+ Bf8 36. Qxf8#) 31... Kg8 32.
Qe6+ Kh8 33. Nf7+ (33. Nxh4) 1-0

[Event "Dyfed Open"]
[Site "?"]
[Date "2018.02.18"]
[Round "4"]
[White "Waterfield, John W"]
[Black "May, Frank"]
[Result "1/2-1/2"]
[WhiteElo "1919"]
[BlackElo "2096"]
[Annotator "Rudy"]
[PlyCount "28"]
[EventDate "2018.??.??"]

1. e4 Nf6 2. Nc3 e6 {avoiding theory} (2... d5) (2... e5 {main}) 3. e5 (3. d4
d5 {main line French} (3... Bb4 4. Bd3 c5 (4... d5 {alternatives}))) 3... Nd5
4. Nxd5 exd5 5. d4 d6 6. f4 (6. Nf3 Bg4 7. Be2 (7. exd6 Bxd6 8. Be2 O-O 9. O-O
c6 {Maroczy-Tartakower, Hasings 1925, 1/2-1/2})) 6... c5 (6... dxe5 7. dxe5 Bc5
8. Nf3) 7. Nf3 (7. c3 {also, tends to transpose}) 7... Nc6 (7... dxe5 8. dxe5
Nc6 {3 Bl wins & a draw}) 8. c3 {back to positions more likely to result from
a Sicilian} dxe5 9. fxe5 cxd4 10. cxd4 Bb4+ (10... Bg4 {2 Bl wins, 2 draws})
11. Bd2 $146 {Cloud Engines} (11. Kf2 {2 Bl wins, 1 draw}) 11... O-O $11 {
Stockfish9} (11... Nxd4 12. Bb5+ (12. Nxd4 Qh4+ 13. Ke2 Bc5 (13... Qxd4 14.
Qa4+ $18) 14. Be3 Bg4+ 15. Nf3 $16) 12... Nxb5 13. Bxb4 Qb6 14. Qxd5 $11 {
Stockfish9}) 12. Be2 (12. Bxb4 Nxb4 13. Bd3 Bg4 14. O-O $11 {Stockfish9}) 12...
Bxd2+ (12... Nxd4 $1 $17 {Stockfish9} 13. O-O (13. Bxb4 Nxf3+ 14. Bxf3 (14. Kf1
Nxe5 15. Bxf8 Qf6+ 16. Ke1 Kxf8 17. Qxd5 Bg4 $15 {Stockfish9}) 14... Qh4+ 15.
g3 Qxb4+ 16. Qd2 Qb6 $17) 13... Bc5 14. Kh1 Nxe2 15. Qxe2 Bf5 $17) 13. Qxd2 f6
14. O-O fxe5 {(draw agreed)} 1/2-1/2

[Event "Dyfed Open"]
[Site "?"]
[Date "2018.02.18"]
[Round "4"]
[White "Heap, Gerry"]
[Black "Morcom, Huw"]
[Result "0-1"]
[WhiteElo "2086"]
[BlackElo "1913"]
[Annotator "Rudy"]
[PlyCount "60"]
[EventDate "2018.??.??"]

1. c4 Nf6 2. Nc3 d6 3. g3 g6 4. Bg2 Bg7 5. d3 O-O 6. e4 c6 7. Nge2 Na6 (7... e5
{main}) 8. Rb1 {Gerry quite likes this early Q side activity, delaying giving
Bl a target on the K side} (8. O-O) 8... Nc7 9. b4 d5 $11 10. cxd5 cxd5 11. e5
Nfe8 (11... Nd7 12. d4 Nb6 13. O-O Bf5 14. Rb3 Rc8 $11 {Komodo11}) 12. d4 Bf5
13. Rb2 Rc8 14. Nf4 f6 15. exf6 Nxf6 16. Qb3 (16. O-O $11) 16... Nb5 $17 17.
Nxb5 (17. Nfe2 Nxc3 18. Nxc3 Ne4 19. Bxe4 Bxe4 20. O-O Bf3 21. Ne2 e5 $19 {
Komodo11}) 17... Rxc1+ $19 18. Ke2 {Wh will now have problems with his K in
the middle} Rxh1 19. Bxh1 Qb6 (19... e6 $19 {Komodo11}) 20. Nc3 (20. Bxd5+ Kh8
21. a4 Nxd5 22. Nxd5 Bg4+ 23. Kf1 Qc6 24. Nbc3 (24. Rc2 Qe6 $19 {all the wh
squares are severely weak}) 24... Bxd4 25. b5 Qd6 26. f4 Rc8 $19 {multiple
pins to cope with}) 20... Qxd4 (20... e6) 21. Rd2 Qe5+ 22. Kf1 e6 23. Re2 Qd6
24. Na4 g5 25. Nd3 Bxd3 26. Qxd3 Qxb4 {Wh need to have the positions of his K
& B reversed} 27. Nc3 Ng4 28. Nxd5 {desperation & Komodo11 suggestion} (28. Nd1
Ne5 29. Qc3 Qb1 30. Qd2 Qf5 31. Kg1 g4 $19) 28... exd5 29. Qxd5+ Kh8 30. Qxg5
Qc4 {a fatal pin on the R} (30... Qc4 31. f4 Nxh2+ 32. Ke1 (32. Kg2 Qxe2+ 33.
Kh3 Nf1 34. Bg2 Ne3 {mating}) 32... Qc1+ 33. Kf2 Bd4+ 34. Kg2 Qf1+ 35. Kxh2
Bg1#) 0-1